| LEADER |
01187nam0a2200217 450 |
| 001 |
16868362 |
| 010 |
|
|
|a 978-2-413-08784-7
|b rel.
|d 11,5
|
| 100 |
|
|
|a 20260529d2026 u u0frey01 ba
|
| 101 |
0 |
|
|a fre
|
| 102 |
|
|
|a FR
|
| 200 |
0 |
|
|a escadron ravage (L')
|f scénario, Patrick Sobral
|g dessin et couleur, Lowenael
|
| 207 |
|
1 |
|a
|
| 210 |
|
|
|a Lausanne
|b 27, rue de la Borde
|c Delcourt
|d DL 2025
|
| 215 |
|
|
|a 1 vol. (47 p.)
|c ill. en coul.
|d 30 cm
|
| 225 |
1 |
|
|a Les légendaires, les chroniques de Darkhell
|v 6
|
| 330 |
|
|
|a La base d'Ultima est prise d'assaut par l'Escadron Ravage mené par Kalypso et son frère Kénian. Aidés des Magicors de Dame Kalandre, ils semblent inarrêtables... A mille lieux de là, de retour du Nirvanis, Galen et ses compagnons sont loin de se douter du drame qui se joue et des pertes subies dans leurs rangs. Le destin d'Alysia semble se jouer dans ce terrible affrontement.
|
| 461 |
|
0 |
|t Les légendaires, les chroniques de Darkhell
|v 6
|
| 700 |
|
0 |
|a Sobral
|b Patrick
|f 1972-....
|4 70
|
| 702 |
|
0 |
|a Lowenael
|f 1986-....
|4 440
|
| 900 |
|
|
|a Bande Dessinée (enfants)
|
| 995 |
|
|
|a Médiathèque
|c Médiathèque
|f 089021924
|h 089021924
|k BD LEG CHRO 6
|o p
|q j
|r az
|e Médiathèque
|